The four agreements : (Record no. 6010)

MARC details
000 -LEADER
fixed length control field 01437pam a2200277 a 4500
001 - CONTROL NUMBER
control field 6010
003 - CONTROL NUMBER IDENTIFIER
control field FISKH
005 - DATE AND TIME OF LATEST TRANSACTION
control field 20250225094102.0
008 - FIXED-LENGTH DATA ELEMENTS--GENERAL INFORMATION
fixed length control field 970624s1997 cau 000 0 eng
010 ## - LIBRARY OF CONGRESS CONTROL NUMBER
LC control number 97018256
020 ## - INTERNATIONAL STANDARD BOOK NUMBER
International Standard Book Number 9781878424310
Terms of availability $16.00
040 ## - CATALOGING SOURCE
Original cataloging agency DLC
Transcribing agency DLC
Modifying agency DLC
Language of cataloging eng
050 ## - LIBRARY OF CONGRESS CALL NUMBER
Classification number BJ1581.2
082 ## - DEWEY DECIMAL CLASSIFICATION NUMBER
Classification number 299.792
100 1# - MAIN ENTRY--PERSONAL NAME
Personal name Ruiz, Don Miguel,
Dates associated with a name 1952-
245 14 - TITLE STATEMENT
Title The four agreements :
Remainder of title a practical guide to personal freedom /
Statement of responsibility, etc. Don Miguel Ruiz.
260 ## - PUBLICATION, DISTRIBUTION, ETC.
Place of publication, distribution, etc. California :
Name of publisher, distributor, etc. Amber Allen,
Date of publication, distribution, etc. 1997.
300 ## - PHYSICAL DESCRIPTION
Extent 140 pages :
Dimensions 19 cm
490 1# - SERIES STATEMENT
Series statement A Toltec wisdom book
520 ## - SUMMARY, ETC.
Summary, etc. Self-Improvement. Nonfiction. HTML:In The Four Agreements, bestselling author don Miguel Ruiz reveals the source of self-limiting beliefs that rob us of joy and create needless suffering. Based on ancient Toltec wisdom, The Four Agreements offer a powerful code of conduct that can rapidly transform our lives to a new experience of freedom, true happiness, and love.<br/><br/>A New York Times bestseller for over a decade<br/>Over 10 million copies sold in the U.S.<br/>Translated into 46 languages worldwide<br/>"This book by don Miguel Ruiz, simple yet so powerful, has made a tremendous difference in how I think and act in every encounter." � Oprah Winfrey
650 #0 - SUBJECT ADDED ENTRY--TOPICAL TERM
Topical term or geographic name entry element Conduct of life.
650 #0 - SUBJECT ADDED ENTRY--TOPICAL TERM
Topical term or geographic name entry element Toltec philosophy
General subdivision Miscellanea.
906 ## - LOCAL DATA ELEMENT F, LDF (RLIN)
a 7
b cbc
c orignew
d 1
e ocip
f 19
g y-gencatlg
942 ## - ADDED ENTRY ELEMENTS (KOHA)
Source of classification or shelving scheme Dewey Decimal Classification
Koha item type Books
Suppress in OPAC No
Holdings
Withdrawn status Lost status Source of classification or shelving scheme Damaged status Not for loan Collection Home library Current library Shelving location Date acquired Total Checkouts Full call number Barcode Date last seen Date last checked out Copy number Price effective from Koha item type
    Dewey Decimal Classification     Non-Fiction Footprints International School Library Network Toul Kork Campus Footprints International School Library Network Toul Kork Campus A TK Campus, 4th Floor, Room B401, Non-Fiction Bookcases(7-8) 02/20/2025 1 RUI 299.792 BJ1581.2 2025-0645 01/13/2026 12/19/2025 1 02/20/2025 Books
    Dewey Decimal Classification     Non-Fiction Footprints International School Library Network Toul Tom Poung Campus Footprints International School Library Network Toul Tom Poung Campus TTP Secondary Non-Fiction Bookshelves 02/20/2025 2 RUI 299.792 BJ1581.2 2025-0646 09/30/2025 07/15/2025 2 02/20/2025 Books